000 00628nam a2200241Ia 4500
003 OSt
005 20221005130903.0
006 a|||||r|||| 00| 0
007 ta
008 221004b |||||||| |||| 00| 0 ben d
020 _c60
024 _a27332
037 _b20, 20/03/2009, Mukta Dhara
_cTextual
040 _aCRL
_cCRL
_bben
041 _2ben
_aben
082 _aY592, 157P6
100 _aChaudhury Arun
_9638802
245 0 _aSantal abhuttan
260 _c2006
650 _aSOCIOLOGY
942 _hY592, 157P6
_cTEXL
_2cc
999 _c1058691
_d1058691